XVIIe législature - Députés LR et app. (niv. 1) - Statistiques

Statistiques générales
  • Ce quiz a été pris 5 fois
  • Le résultat moyen est 10 sur 48
Statistiques - réponses
Par images Réponse % Correct
Michel Barnier
100%
Laurent Wauquiez
75%
Philippe Juvin
75%
Alix Fruchon
50%
Christelle Minard
50%
Julien Dive
50%
Michèle Tabarot
50%
Alexandra Martin
25%
Alexandre Portier
25%
Anne-Laure Blin
25%
Antoine Vermorel-Marques
25%
Corentin Le Fur
25%
Elisabeth de Maistre
25%
Emilie Bonnivard
25%
Fabien Di Filippo
25%
François-Xavier Ceccoli
25%
Ian Boucard
25%
Jean-Louis Thiérot
25%
Jean-Yves Bony
25%
Jérôme Nury
25%
Josiane Corneloup
25%
Marie-Christine Dalloz
25%
Michel Herbillon
25%
Nicolas Ray
25%
Nicolas Tryzna
25%
Philippe Gosselin
25%
Valérie Bazin-Malgras
25%
Véronique Louwagie
25%
Xavier Breton
25%
Yannick Neuder
25%
Eric Liégeon
0%
Eric Pauget
0%
Fabrice Brun
0%
Frédérique Meunier
0%
Guillaume Lepers
0%
Hubert Brigand
0%
Jean-Luc Bourgeaux
0%
Jean-Pierre Taite
0%
Jean-Pierre Vigier
0%
Justine Gruet
0%
Lionel Duparay
0%
Patrick Hetzel
0%
Pierre Cordier
0%
Sylvie Bonnet
0%
Thibault Bazin
0%
Vincent Descoeur
0%
Vincent Rolland
0%
Virginie Duby-Muller
0%
Aucun quiz correspondant
Distribution des résultats
% des personnes avec chaque résultat
Percentile par nombre de réponses
Votre historique - résultats
Vous n’avez pas pris ce quiz